K leasingu a smlouvě o koupi najaté věci
Výhody finančného a operatívneho leasingu. Vplyv rastu podielu leasingu na trhu investícií a faktory rozvoja tejto formy podnikania. Výhody leasingu pre užívateľa a poskytovateľa. Štruktúra leasingu podľa odvetví v USA a SRN. Štruktúra vnútroštátneho a medzinárodného leasingu. Náležitosti leasingove...
Na minha lista:
| Autor principal: | |
|---|---|
| Formato: | Capítulo de Livro |
| Idioma: | tcheco |
| Assuntos: | |
| Tags: |
Sem tags, seja o primeiro a adicionar uma tag!
|
MARC
| LEADER | 00000naa a2200000 4500 | ||
|---|---|---|---|
| 001 | r009803 | ||
| 005 | 20220831090647.6 | ||
| 041 | 0 | |a cze | |
| 044 | |a CS | ||
| 245 | 1 | 0 | |a K leasingu a smlouvě o koupi najaté věci |c K. Marek |
| 520 | |a Výhody finančného a operatívneho leasingu. Vplyv rastu podielu leasingu na trhu investícií a faktory rozvoja tejto formy podnikania. Výhody leasingu pre užívateľa a poskytovateľa. Štruktúra leasingu podľa odvetví v USA a SRN. Štruktúra vnútroštátneho a medzinárodného leasingu. Náležitosti leasingovej zmluvy. Formy finančného leasingu. | ||
| 610 | 2 | 0 | |a lízing |
| 610 | 2 | 0 | |a podnikanie |
| 610 | 2 | 0 | |a USA |
| 610 | 2 | 0 | |a Nemecko |
| 610 | 2 | 0 | |a ČSFR |
| 610 | 2 | 0 | |a prenájom |
| 610 | 2 | 0 | |a lízing finančný |
| 610 | 2 | 0 | |a lízing operatívny |
| 100 | 1 | |a Marek, K. | |